[Event "ch-RUS HL"]
[Site "Ulan Ude RUS"]
[Date "2009.09.10"]
[Round "8"]
[White "Sek,K"]
[Black "Papin,V"]
[Result "1-0"]
[WhiteElo "2420"]
[BlackElo "2529"]

1.e4 c5 2.Nf3 e6 3.d4 cxd4 4.Nxd4 a6 5.Bd3 Qb6 6.c3 Nc6 7.Nxc6 Qxc6 8.O-O d6
9.a4 b6 10.Qe2 Nf6 11.b4 Qc7 12.Bb2 Be7 13.Nd2 a5 14.f4 Bb7 15.Bb5+ Nd7 16.e5 dxe5
17.Qxe5 O-O-O 18.Qxc7+ Kxc7 19.bxa5 bxa5 20.Nb3 Bc5+ 21.Kh1 Bb6 22.Ba3 Bc6
23.c4 Bxb5 24.cxb5 Nf6 25.Rac1+ Kb7 26.Bc5 Rc8 27.Bxb6 Kxb6 28.Nd2 Nd5 29.Nc4+ Ka7
30.Nxa5 Rxc1 31.Rxc1 Ra8 32.g3 Kb8 33.Nc6+ Kb7 34.a5 Nc7 35.a6+ Kb6 36.Nd4 Nd5
37.Rc6+ Ka5 38.Rd6 Nc3 39.Rc6 Nxb5 40.Rc5 Kb4 41.Rxb5+ Kc4 42.Rb7 Kxd4 43.a7 f6
44.Rxg7 h5 45.Kg2 e5 46.fxe5 fxe5 47.Kf2 Rc8 48.Rc7 Rxc7 49.a8=Q Rc2+ 50.Kg1 Rc1+
51.Kg2 Rc2+ 52.Kh3 e4 53.Qh8+ Kd3 54.Qxh5 e3 55.Qd5+ Ke2 56.g4 Rd2 57.Qe4 Rd3
58.Kg3 Kd2 59.Kf3 e2+ 60.Kf2  1-0

[Event "TCh-SRB 1st League"]
[Site "Kragujevac SRB"]
[Date "2009.09.12"]
[Round "11"]
[White "Cabrilo,G"]
[Black "Barlov,D"]
[Result "1/2-1/2"]
[WhiteElo "2492"]
[BlackElo "2471"]

1.e4 c5 2.Nf3 e6 3.d4 cxd4 4.Nxd4 a6 5.Bd3 Nf6 6.O-O Qc7 7.Qe2 d6 8.c4 Be7
9.Nc3 O-O 10.Kh1 Nc6 11.Nxc6 bxc6 12.f4 e5 13.f5 Bb7 14.Bg5 Rfe8 15.Rac1 Rad8
16.Bc2 Qb8 17.Bb3 Rd7 18.Rfd1 h6 19.Bh4 Rdd8 20.Rd3 Nd7 21.Bxe7 Rxe7 22.Rcd1 Nf6
23.R1d2 Red7 24.h3 Qc7 25.Qf3 Re8 26.Qd1 Red8 27.Qf3 Re8 28.Qd1 Red8 29.Qf3  1/2-1/2

[Event "FSIMA September"]
[Site "Budapest HUN"]
[Date "2009.09.13"]
[Round "9"]
[White "Stoenescu,R"]
[Black "Gruenhagen,M"]
[Result "0-1"]
[WhiteElo "2175"]
[BlackElo "2113"]

1.e4 c5 2.Nf3 e6 3.d4 cxd4 4.Nxd4 a6 5.Bd3 Bc5 6.Nb3 Be7 7.c4 Nc6 8.Nc3 d6
9.Be3 Nf6 10.Rc1 Bd7 11.O-O Ne5 12.Be2 h5 13.h3 Rc8 14.Nd2 Bc6 15.f4 Ned7
16.b4 b6 17.b5 axb5 18.cxb5 Bb7 19.Nc4 d5 20.exd5 Nxd5 21.Nxd5 Bxd5 22.f5 O-O
23.fxe6 Bxe6 24.Bd3 Nc5 25.Bb1 Qxd1 26.Rfxd1 Bxc4 27.Rxc4 Rfd8 28.Rf1 g6
29.Rc2 Ra8 30.Rcf2 f5 31.g4 Ra3 32.Bc1 Rxh3 33.gxf5 gxf5 34.Rg2+ Kf7 35.Bxf5 Rc3
36.Bg6+ Ke6 37.Re2+ Kd7 38.Bf5+ Ke8 39.Bb2 Rg3+ 40.Kh2 h4 41.Bf6 Rd2 42.Rxd2 Bxf6
43.Re1+ Kf7 44.Rd6 Rg5 45.Rf1 Be5+ 46.Kh3 Bxd6 47.Kxh4 Rg7 48.a4 Ke7 49.Re1+ Kd8
50.Rd1 Kc7 51.Rd4 Be5 52.Rc4 Kd6 53.Bh3 Ra7  0-1

[Event "FSIMA September"]
[Site "Budapest HUN"]
[Date "2009.09.15"]
[Round "11"]
[White "Turzo,A"]
[Black "Gruenhagen,M"]
[Result "0-1"]
[WhiteElo "2314"]
[BlackElo "2113"]

1.e4 c5 2.Nf3 e6 3.d4 cxd4 4.Nxd4 a6 5.Bd3 Bc5 6.Nb3 Ba7 7.Nc3 Nc6 8.Qe2 d6
9.Be3 Nge7 10.O-O-O b5 11.Bxb5 axb5 12.Nxb5 Ba6 13.Bxa7 Rxa7 14.a4 O-O 15.Qe3 Rd7
16.N3d4 Nxd4 17.Nxd4 Qa5 18.b3 Rc8 19.Qd2 Qc5 20.Kb2 e5 21.Nf3 Nc6 22.Rc1 Na5
23.Ra1 Rb7  0-1

[Event "TCh-SRB w"]
[Site "Pozarevac SRB"]
[Date "2009.09.15"]
[Round "2"]
[White "Rudolf,An"]
[Black "Bojkovic,N"]
[Result "1/2-1/2"]
[WhiteElo "2313"]
[BlackElo "2429"]

1.e4 c5 2.Nf3 e6 3.d4 cxd4 4.Nxd4 a6 5.Bd3 Bc5 6.Nb3 Be7 7.Qg4 g6 8.Qe2 d6
9.O-O Nc6 10.a4 b6 11.Nc3 Bb7 12.Kh1 Ne5 13.Bf4 Nf6 14.Rad1 O-O 15.Bh6 Re8
16.f4 Nxd3 17.Rxd3 Nd7 18.Rh3 Qc7 19.Qf2 Bf6 20.Bg5 Bg7 21.f5 exf5 22.exf5 Nf8
23.f6 Bh8 24.Nd4 Qc5 25.Bh6 Re5 26.Bf4 Ree8 27.Bh6 Re5 28.Nce2 Rae8 29.Rg3 Qc4
30.Nc3 Qxf1+ 31.Qxf1 Re1 32.Kg1 Rxf1+ 33.Kxf1 Bxf6 34.Rd3 Be5 35.Nf3 Bxf3
36.gxf3 Rc8 37.Nd5 Rd8 38.Nxb6 Bxb2 39.Nc4 Bg7 40.Bxg7 Kxg7 41.Nxd6 Ne6 42.Kf2 Kf8
43.Ke3 Nc5 44.Rc3 Nxa4 45.Rc6 Nb2 46.Kd4 a5 47.Kc3 Nd1+ 48.Kb3 Ke7 49.Ne4 f5
50.Nc5 Rb8+ 51.Ka4 Rb2 52.Nd3 Ra2+ 53.Kb3 Ra1 54.Ra6 Rb1+ 55.Ka3 Ra1+ 56.Kb3 Rb1+
57.Kc4 Ne3+ 58.Kc5 Nxc2 59.Rxa5 Rd1 60.Kc4 Ne3+ 61.Kd4 Nc2+ 62.Kc3 Na1 63.Ra7+ Kf6
64.Rxh7 Rb1 65.Ra7 Rb3+ 66.Kd2 Rb1 67.f4 Rh1 68.Kc3 Rb1 69.Ne5 Rf1 70.Ra6+ Kg7
71.Nxg6 Rf2 72.Ne5 Nc2 73.Ra2 Ne3 74.Rxf2 Nd1+ 75.Kd4 Nxf2 76.Kd5 Kf6 77.Nd7+ Ke7
78.Nc5 Kf6 79.Nd7+ Ke7 80.Nb6 Nd3 81.Kd4 Nxf4 82.Ke5 Ng6+ 83.Kxf5 Nh4+ 84.Kg4 Ng6
85.Kg5 Kf7 86.Nd5 Kg7 87.Nf6 Ne5 88.Nh5+ Kh7 89.h3 Nf3+ 90.Kg4 Kh6 91.Nf6 Ne5+
92.Kf5 Nf3 93.Kf4 Nh4 94.Kg4 Ng6 95.Ne8 Ne5+ 96.Kf5 Nf3 97.Nf6 Ng1 98.h4 Nf3
99.h5 Nd4+ 100.Kg4 Ne6 101.Ng8+ Kh7 102.Nf6+ Kh6 103.Ne8 Nf4 104.Kxf4 Kxh5  1/2-1/2

[Event "XingQiu Open"]
[Site "Lishui CHN"]
[Date "2009.09.17"]
[Round "1"]
[White "Wan Yunguo"]
[Black "Wang Xiaohui"]
[Result "1/2-1/2"]
[WhiteElo "2445"]
[BlackElo "2223"]

1.e4 c5 2.Nf3 e6 3.d4 cxd4 4.Nxd4 a6 5.Bd3 Nf6 6.O-O Qc7 7.Qe2 d6 8.f4 Nbd7
9.Nc3 Be7 10.Nf3 Nc5 11.Kh1 O-O 12.e5 Nfd7 13.Be3 b5 14.exd6 Bxd6 15.Bxc5 Bxc5
16.Rad1 g6 17.Ng5 Nf6 18.Nce4 Be7 19.Qe3 Bb7 20.Qh3 Bxe4 21.Nxe4 Nd5 22.Qg3 f5
23.Nc3 Nxc3 24.bxc3 Bf6 25.Qe3 Rfe8 26.c4 bxc4 27.Be2 Kg7 28.Qa3 c3 29.Qa4 Re7
30.Bf3 Ra7 31.Rfe1 e5 32.fxe5 Rxe5 33.g3 Rxe1+ 34.Rxe1 Qc5 35.Kg2 a5 36.Qc6 Qxc6
37.Bxc6 Rc7 38.Bd5 Rd7 39.Rd1 Bg5 40.Bf3 Bd2 41.Rb1 Rd4 42.Kf2 f4 43.Ke2 g5
44.Rb5 fxg3 45.hxg3 g4 46.Bg2 Bc1 47.Rd5 Rxd5 48.Bxd5 Kf6 49.Bc6 h5 50.Be8 Kg5
51.Kf2  1/2-1/2

[Event "TCh-ROU Superliga"]
[Site "Eforie Nord ROU"]
[Date "2009.09.20"]
[Round "2"]
[White "Corlatescu,D"]
[Black "Nitelea,B"]
[Result "1-0"]
[WhiteElo "2199"]
[BlackElo "2105"]

1.e4 c5 2.Nf3 e6 3.d4 cxd4 4.Nxd4 a6 5.Bd3 Nf6 6.O-O Qc7 7.Qe2 d6 8.c4 g6
9.Nc3 Bg7 10.Be3 Nbd7 11.Rac1 b6 12.f4 O-O 13.b4 Nh5 14.f5 Re8 15.g4 Nhf6
16.g5 Nh5 17.f6 Bf8 18.Qf2 Bb7 19.Nf3 Ne5 20.Nxe5 dxe5 21.a3 Nf4 22.Bxf4 exf4
23.Qxf4 Qxf4 24.Rxf4 a5 25.b5 Bc5+ 26.Kg2 Be3 27.Rff1 Bxc1 28.Rxc1 Red8 29.Rd1 Rd6
30.Kf3 Rad8 31.Ke3 Rd4 32.Rd2 e5 33.Ne2 R4d6 34.Nc3 Kf8 35.Nd5 Bxd5 36.exd5 Ke8
37.Ke4 Kd7 38.Kxe5 Re8+ 39.Kd4 Re1 40.Re2 Rxe2 41.Bxe2 Kc7 42.c5 bxc5+ 43.Kxc5 Rb6
44.h4 Rd6 45.h5 Rb6 46.hxg6 hxg6 47.Bg4 Rd6 48.Bh3 Rb6 49.Be6 fxe6 50.f7 Rb8
51.dxe6 Rc8 52.Kd5  1-0

[Event "TCh-SRB w"]
[Site "Pozarevac SRB"]
[Date "2009.09.20"]
[Round "7"]
[White "Videnova,I"]
[Black "Bojkovic,N"]
[Result "0-1"]
[WhiteElo "2197"]
[BlackElo "2429"]

1.e4 c5 2.Nf3 e6 3.d4 cxd4 4.Nxd4 a6 5.Bd3 Bc5 6.Nb3 Be7 7.Qg4 g6 8.Qe2 d6
9.O-O Nc6 10.Nc3 Ne5 11.a4 b6 12.a5 b5 13.Be3 Nxd3 14.Qxd3 Nf6 15.Bb6 Qd7
16.Rfd1 O-O 17.Qf3 Qb7 18.Rxd6 Bxd6 19.Qxf6 Be7 20.Qd4 Qc6 21.Nc5 Bb7 22.Nd7 b4
23.Na4 Qxe4 24.Qxe4 Bxe4 25.Nxf8 Bxf8 26.c4 Bc2 27.Be3 Rd8 28.Nb6 Bg7 29.f3 b3
30.Na4 f5 31.Kf2 e5 32.Ke1 f4 33.Bd2 e4 34.Bc3 Bxc3+ 35.Nxc3 e3 36.Nd5 g5
37.Ra4 Bd3 38.Rb4 Bxc4 39.Ne7+ Kf8 40.Nc6 Rd2 41.Rxc4 Rxb2 42.Nd4 Rb1+ 43.Ke2 b2  0-1

[Event "XingQiu Open"]
[Site "Lishui CHN"]
[Date "2009.09.21"]
[Round "5"]
[White "Wen Yang"]
[Black "Yu Yangyi"]
[Result "1/2-1/2"]
[WhiteElo "2538"]
[BlackElo "2509"]

1.e4 c5 2.Nf3 e6 3.d4 cxd4 4.Nxd4 a6 5.Bd3 g6 6.O-O Bg7 7.Nf3 Nc6 8.Qe2 Nge7
9.Rd1 O-O 10.c4 d5 11.e5 Qc7 12.Bf4 Nb4 13.Nbd2 Rd8 14.a3 Nxd3 15.Qxd3 h6
16.Rac1 Nc6 17.Qe3 g5 18.Bg3 g4 19.Nd4 Qe7 20.cxd5 exd5 21.Rxc6 bxc6 22.Nxc6 Qe8
23.Nxd8 Qxd8 24.Ne4 Be6 25.Bf4 Qb8 26.Nf6+ Bxf6 27.exf6 Qxb2 28.Bxh6 Qxf6
29.Bf4 Kh7 30.Be5 Qf5 31.Bb2 Rc8 32.Qd4 f6 33.Qxf6 Rc2 34.Bd4  1/2-1/2

[Event "XingQiu Open"]
[Site "Lishui CHN"]
[Date "2009.09.22"]
[Round "6"]
[White "Yu Ruiyuan"]
[Black "Jia Haoxiang"]
[Result "1/2-1/2"]
[WhiteElo "2306"]
[BlackElo "2349"]

1.e4 c5 2.Nf3 e6 3.d4 cxd4 4.Nxd4 a6 5.Bd3 Nf6 6.O-O Qc7 7.c4 Nc6 8.Nxc6 dxc6
9.Qe2 e5 10.Be3 Be7 11.f3 O-O 12.c5 Be6 13.Bc4 Rfd8 14.Nd2 Nd7 15.Rfd1 Nf8
16.b4  1/2-1/2

[Event "18th TCh-CRO w"]
[Site "Sibenik CRO"]
[Date "2009.09.22"]
[Round "2"]
[White "Purgar,I"]
[Black "Kanceljak,D"]
[Result "1-0"]
[WhiteElo "2093"]
[BlackElo "1930"]

1.e4 c5 2.Nf3 e6 3.d4 cxd4 4.Nxd4 a6 5.Bd3 Ne7 6.O-O g6 7.c4 Bg7 8.Nf3 Nbc6
9.Nc3 Qc7 10.Qe2 O-O 11.Bd2 b6 12.Rac1 Bb7 13.a3 Na5 14.Bg5 Nec6 15.Qc2 Ne5
16.Nxe5 Qxe5 17.Be3 Rac8 18.f4 Qh5 19.b3 b5 20.c5 Nc6 21.Qf2 Bf6 22.Rfd1 Rfd8
23.Be2 Qh6 24.e5 Be7 25.Bf3 Na5 26.Bxb7 Nxb7 27.b4 f6 28.exf6 Bxf6 29.Ne4 Qg7
30.Nxf6+ Qxf6 31.Qf3 Rc6 32.Rxd7 Rxd7 33.Qxc6 Rd3 34.Qxb7 Rxe3 35.Rd1 Rxa3
36.Qc8+ Kg7 37.Qd7+ Kh6 38.Qd2 Ra1 39.Rxa1 Qxa1+ 40.Kf2 Qf6 41.c6 Qe7 42.f5+ Kh5
43.fxe6 Qh4+ 44.Kg1 Qe4 45.Qd1+ Kh4 46.Qc1 Qxe6 47.Qh6+  1-0

[Event "ch-ChessClub A"]
[Site "Reykjavik ISL"]
[Date "2009.09.23"]
[Round "2"]
[White "Sigfusson,S"]
[Black "Ptacnikova,L"]
[Result "1/2-1/2"]
[WhiteElo "2335"]
[BlackElo "2285"]

1.e4 c5 2.Nf3 e6 3.d4 cxd4 4.Nxd4 a6 5.Bd3 Nf6 6.O-O Qc7 7.Nc3 b5 8.Be3 Bb7
9.a3 Nc6 10.Qe2 Bd6 11.f4 Nxd4 12.Bxd4 Bc5 13.Bxc5 Qxc5+ 14.Kh1 h5 15.e5 Ng4
16.Be4 Bxe4 17.Nxe4 Qe3 18.Nd6+ Ke7 19.Rae1 Qxe2 20.Rxe2 f6 21.Rd1 fxe5 22.fxe5 Rhf8
23.Kg1 Ra7 24.Rd4 Rc7 25.h3 Nh6 26.a4 bxa4 27.Rxa4 Rc6 28.g4 hxg4 29.hxg4 Nf7
30.Nxf7 Rxf7 31.Rd2 Rf8 32.Rad4 Rc7 33.Ra4 Rb8 34.c3 Rcb7 35.Rad4 Rc8 36.Rf2 Rc5
37.Rdf4 g5 38.Re4 Rcb5 39.Ree2 Rc7 40.Re4 Rcb7 41.Ree2 Rc7 42.Re4 Rcb7 43.Ree2  1/2-1/2

[Event "TCh-ISL 2009-10"]
[Site "Rekjavik ISL"]
[Date "2009.09.25"]
[Round "1"]
[White "Halldorsson,Ha"]
[Black "Frigge,P"]
[Result "1-0"]
[WhiteElo "2216"]
[BlackElo "1828"]

1.e4 c5 2.Nf3 e6 3.d4 cxd4 4.Nxd4 a6 5.Bd3 b5 6.O-O Qc7 7.Re1 Bb7 8.Nc3 Nc6
9.Nxc6 Bxc6 10.a4 b4 11.Nd5 Bxd5 12.exd5 Bd6 13.Qf3 Ra7 14.Be3 Bc5 15.Bxc5 Qxc5
16.Qg3 g6 17.Qb8+ Ke7 18.d6+ Kf6 19.Qf8 Rb7 20.Re3 Qd4 21.h4 Rb6 22.Rae1 e5
23.Rf3+ Ke6 24.Bc4+  1-0

[Event "TCh-ISL 2009-10"]
[Site "Rekjavik ISL"]
[Date "2009.09.25"]
[Round "1"]
[White "Bergsson,St"]
[Black "Johannsdottir,J"]
[Result "1-0"]
[WhiteElo "2070"]
[BlackElo "1721"]

1.e4 c5 2.Nf3 e6 3.d4 cxd4 4.Nxd4 a6 5.Bd3 Nf6 6.O-O Qc7 7.Nc3 Be7 8.f4 d6
9.Bd2 b5 10.a3 Bb7 11.Qe2 Nbd7 12.Rae1 Nc5 13.e5 Nfd7 14.Qh5 g6 15.Qh3 dxe5
16.fxe5 O-O 17.Bh6 Rfd8 18.Nf3 Nxd3 19.cxd3 Nc5 20.d4 Nd3 21.Re2 b4 22.Ne4 Bxe4
23.Rxe4 Qb7 24.Nd2 Nxb2 25.Qb3  1-0

[Event "18th TCh-CRO w"]
[Site "Sibenik CRO"]
[Date "2009.09.25"]
[Round "5"]
[White "Shadrina,T"]
[Black "Muzychuk,M"]
[Result "0-1"]
[WhiteElo "2384"]
[BlackElo "2443"]

1.e4 c5 2.Nf3 e6 3.d4 cxd4 4.Nxd4 a6 5.Bd3 Bc5 6.Nb3 Ba7 7.Qg4 Nf6 8.Qg3 d6
9.Nc3 Nc6 10.Bg5 h6 11.Bd2 Ne5 12.Be2 h5 13.Bg5 b5 14.f4 Ng6 15.e5 b4 16.Qf3 d5
17.Nd1 a5 18.a4 bxa3 19.Rxa3 Bb6 20.Bb5+ Kf8 21.Bd3 a4 22.Nd2 Bc5 23.Ra1 h4
24.Qe2 Be7 25.f5 exf5 26.exf6 gxf6 27.Be3 d4 28.Bf2 Bb7 29.Bxf5 Nf4 30.Qg4 Nxg2+
31.Ke2 Rg8 32.Qxd4 Qxd4 33.Bxd4 Nf4+ 34.Ke3 Bxh1 35.Kxf4 Bd6+ 36.Ke3 Bxh2
37.Kd3 Be5 38.Bc5+ Ke8 39.Ne3 Bc6 40.Ndc4 Rd8+ 41.Ke2 Rg3 42.Nxe5 fxe5 43.Rf1 h3
44.Kf2 Rf3+ 45.Kg1 Rd2  0-1

[Event "TCh-NED 2009-10"]
[Site "Netherlands NED"]
[Date "2009.09.26"]
[Round "1"]
[White "Pruijssers,R"]
[Black "Stellwagen,D"]
[Result "0-1"]
[WhiteElo "2415"]
[BlackElo "2630"]

1.e4 c5 2.Nf3 e6 3.d4 cxd4 4.Nxd4 a6 5.Bd3 Nf6 6.O-O d6 7.c4 g6 8.Nc3 Bg7
9.Be3 O-O 10.f3 Nbd7 11.Qd2 Ne5 12.Be2 Qc7 13.Rac1 Bd7 14.Rfd1 Rfd8 15.b3 Rac8
16.Kh1 Be8 17.Bf1 Qe7 18.Bg5 Qf8 19.f4 Nc6 20.Nf3 h6 21.Bh4 Ne7 22.Qe1 Bc6
23.Nd4 Nh5 24.Nxc6 bxc6 25.Qe3 c5 26.Qf3 Bf6 27.Bf2 Nc6 28.Ne2 Ng7 29.Be3 h5
30.Qf2 a5 31.g3 a4 32.Bg2 axb3 33.axb3 Rc7 34.Rd2 Rb8 35.Rcd1 Be7 36.Rb1 Na5
37.Rdb2 Bf6 38.Ra2 Nxc4 39.Bc1 Nb6 40.Rc2 Nd7 41.Be3 Ne8 42.Qe1 Bg7 43.f5 Nef6
44.fxe6 fxe6 45.Nf4 Qf7 46.b4 Ng4 47.Bg1 Rcb7 48.e5 Rxb4 49.Rxb4 cxb4 50.exd6 b3
51.Rc1 Be5 52.Qd2 Qf5 53.Ba7 b2  0-1

[Event "18th TCh-CRO b"]
[Site "Sibenik CRO"]
[Date "2009.09.26"]
[Round "6"]
[White "Varga,Zo"]
[Black "Shchekachev,A"]
[Result "1/2-1/2"]
[WhiteElo "2481"]
[BlackElo "2539"]

1.e4 c5 2.Nf3 e6 3.d4 cxd4 4.Nxd4 a6 5.Bd3 Nf6 6.O-O Qc7 7.Qe2 d6 8.c4 Be7
9.Nc3 O-O 10.Be3 b6 11.Rfe1  1/2-1/2

[Event "SPICE Cup B"]
[Site "Lubbuck USA"]
[Date "2009.09.27"]
[Round "9"]
[White "Diamant,A"]
[Black "Papp,Ga"]
[Result "0-1"]
[WhiteElo "2520"]
[BlackElo "2558"]

1.e4 c5 2.Nf3 e6 3.d4 cxd4 4.Nxd4 a6 5.Bd3 Bc5 6.Nb3 Be7 7.O-O d6 8.Nc3 Nf6
9.f4 Nbd7 10.Qf3 Qc7 11.Bd2 b5 12.a4 b4 13.Nd1 Bb7 14.Nf2 a5 15.Rae1 e5 16.Ng4 Nxg4
17.Qxg4 Bf6 18.fxe5 Nxe5 19.Bb5+ Bc6 20.Qe2 O-O 21.Bxc6 Qxc6 22.Nd4 Qc4 23.c3 Qxe2
24.Rxe2 Nc4 25.Nb5 b3 26.Bf4 Be5 27.Bxe5 dxe5 28.Ra1 Rfd8 29.Na3 Nb6 30.Nb5 Rac8
31.Ra3 Rd1+ 32.Kf2 Rc6 33.g3 Nc4 34.Rxb3 Rf6+ 35.Kg2 Nd2 36.Ra3 h5 37.c4 Nxc4
38.Rc3 Rd2 39.Rxd2 Nxd2 40.Rc8+ Kh7 41.Rc2 Nf3 42.Rc3 Ne1+ 43.Kg1 g5 44.Nc7 Nf3+
45.Kg2 Nd2 46.Rd3 Nxe4 47.Re3 Rc6 48.Rxe4 Rxc7 49.Rxe5 Kg6 50.Rxa5 Rc2+ 51.Kg1 Rxb2
52.Rc5 Ra2 53.a5 f6 54.Rb5 h4 55.gxh4 gxh4 56.h3 f5 57.Rb6+ Kg5 58.a6 Kf4
59.Rb4+ Kf3 60.Rb3+ Ke2 61.Rb4 Rxa6 62.Rxh4 Kf3 63.Rb4 Ra1+ 64.Kh2 Ra2+ 65.Kg1 Ra3
66.Rb7 f4 67.Rb8 Rd3 68.Ra8 Rd1+ 69.Kh2 Ke2 70.Re8+ Kf2 71.h4 f3 72.Re7 Kf1
73.Kg3 f2 74.Rf7 Rd3+ 75.Kg4 Kg2  0-1

[Event "LA Open"]
[Site "Los Angeles USA"]
[Date "2009.10.10"]
[Round "2"]
[White "Peters,Ja"]
[Black "Tanaka,C"]
[Result "1-0"]
[WhiteElo "2386"]
[BlackElo "2154"]

1.e4 c5 2.Nf3 e6 3.d4 cxd4 4.Nxd4 a6 5.Bd3 Bc5 6.Nb3 Be7 7.Qg4 g6 8.Nc3 Nc6
9.O-O Nf6 10.Qg3 O-O 11.Bh6 Re8 12.Rae1 d6 13.f4 b5 14.e5 Nh5 15.Qf2 f5 16.exf6 Nxf6
17.Qg3 Qb6+ 18.Kh1 Kh8 19.f5 exf5 20.Bxf5 Bxf5 21.Rxf5 Ng8 22.Be3 Qd8 23.Rf7 Ne5
24.Bd4 Nh6 25.Rxe5 dxe5 26.Qxe5+ Bf6 27.Qxf6+ Qxf6 28.Bxf6+ Kg8 29.Rg7+ Kf8
30.h3 Ng8 31.Bd4 Re7 32.Rxe7 Nxe7 33.g4 Kf7 34.Kg2 Nc6 35.Bc5 Ne5 36.Ne4 h6
37.Kg3 Rd8 38.Be3 g5 39.Nbd2 Kg6 40.b3 Rc8 41.Nc5 Rc6 42.Nde4 Nf7 43.c3 Nd8
44.Bd4 Ne6 45.Nxe6 Rxe6 46.Kf3 Rc6 47.Nc5 h5 48.Ne4  1-0

[Event "Chigorin Mem Open"]
[Site "St Petersburg RUS"]
[Date "2009.10.24"]
[Round "9"]
[White "Klepikov,N"]
[Black "Volokushin,D"]
[Result "0-1"]
[WhiteElo "1873"]
[BlackElo "2102"]

1.e4 c5 2.Nf3 e6 3.d4 cxd4 4.Nxd4 a6 5.Bd3 Qc7 6.O-O Nf6 7.c4 Bc5 8.Nb3 Be7
9.Nc3 O-O 10.Re1 Nc6 11.f4 d6 12.Qf3 Nb4 13.Kh1 Nxd3 14.Qxd3 b6 15.Nd4 Bb7
16.b3 Rac8 17.Bb2 Qc5 18.Rac1 Qh5 19.Qf3 Qh4 20.Na4 b5 21.cxb5 Rxc1 22.Rxc1 Nxe4
23.Kg1 axb5 24.Nxb5 Bf6 25.Bxf6 Qxf6 26.h3 Bd5 27.Nbc3 Qd4+ 28.Kh2 Nxc3 29.Qxc3 Qxf4+
30.Kh1 h5 31.Nb6 Bb7 32.a4 d5 33.b4 d4 34.Qd3 Qxc1+ 35.Kh2 Qc7+  0-1

[Event "8th TCh-Eur w"]
[Site "Novi Sad SRB"]
[Date "2009.10.26"]
[Round "5"]
[White "Rudolf,An"]
[Black "Bojkovic,N"]
[Result "1-0"]
[WhiteElo "2286"]
[BlackElo "2429"]

1.e4 c5 2.Nf3 e6 3.d4 cxd4 4.Nxd4 a6 5.Bd3 Bc5 6.Nb3 Be7 7.Qg4 g6 8.Qe2 d6
9.a4 b6 10.Na3 Nd7 11.Nc4 Qc7 12.O-O Bb7 13.a5 b5 14.Nb6 Rb8 15.c4 bxc4 16.Bxc4 Ngf6
17.Bh6 Nxb6 18.axb6 Qxb6 19.e5 Nd5 20.Na5 Ba8 21.Bxa6 Nc7 22.exd6 Qxd6 23.Bd3 Qd5
24.f3 Bf6 25.Nc4 Ke7 26.Bf4 Rhd8 27.Rfd1 Qc5+ 28.Kh1 Rbc8 29.Nd6 Nd5 30.Nxc8+ Qxc8
31.Be5 Bg5 32.Ra7+ Kf8 33.Rda1 Bb7 34.Ba6 Bxa6 35.Qxa6 Qxa6 36.R7xa6 f6 37.Bd6+ Ke8
38.Bc5 Nc7 39.Ra7 Rc8 40.Rb7 Bf4 41.g3 Bd2 42.Raa7  1-0

[Event "Open"]
[Site "Liberec CZE"]
[Date "2009.10.28"]
[Round "6"]
[White "Sabuk,P"]
[Black "Grabliauskas,V"]
[Result "0-1"]
[WhiteElo "2206"]
[BlackElo "2426"]

1.e4 c5 2.Nf3 e6 3.d4 cxd4 4.Nxd4 a6 5.Bd3 Nf6 6.O-O Qc7 7.c4 d6 8.Nc3 g6
9.Be3 Bg7 10.Rc1 O-O 11.Qe2 Nbd7 12.Rfd1 b6 13.f3 Bb7 14.Qf2 Rac8 15.Be2 Qb8
16.g4 Rfe8 17.g5 Nh5 18.Nb3 Nc5 19.Qh4 Rcd8 20.Nxc5 dxc5 21.f4 Bd4 22.Bxd4 cxd4
23.Bxh5 dxc3 24.Bf3 cxb2 25.Rb1 Rxd1+ 26.Rxd1 Rd8 27.Rb1 Rd2  0-1

[Event "IV Open"]
[Site "Bogota COL"]
[Date "2009.10.30"]
[Round "3"]
[White "Marrero Lopez,Yan"]
[Black "Narvaez,F"]
[Result "1-0"]
[WhiteElo "2241"]
[BlackElo "2137"]

1.e4 c5 2.Nf3 e6 3.d4 cxd4 4.Nxd4 a6 5.Bd3 Nf6 6.O-O Qc7 7.Qe2 d6 8.c4 Be7
9.Nc3 Nbd7 10.f4 O-O 11.Be3 Re8 12.Rac1 g6 13.Kh1 Bf8 14.Nf3 e5 15.fxe5 dxe5
16.Ng5 Bg7 17.c5 Rf8 18.Bc4 Qd8 19.Rcd1 Qe7 20.Nd5 Nxd5 21.exd5 Nf6 22.d6 Qe8
23.Rxf6 Bxf6 24.Rf1 Bxg5 25.Bxg5 Be6 26.Bf6 Bxc4 27.Qe3 Qe6 28.Qh6 Qxf6 29.Rxf6 Rfc8
30.b3 Bd5 31.Qe3 Rc6 32.b4 Bxa2 33.Qxe5 Rcc8 34.d7 Rd8 35.Rd6 Rab8 36.h4 Bb1
37.h5 gxh5 38.Qxh5 Bg6 39.Qe5 h6 40.Rb6  1-0

[Event "8th TCh-Eur w"]
[Site "Novi Sad SRB"]
[Date "2009.10.30"]
[Round "9"]
[White "Khukhashvili,S"]
[Black "Peptan,C"]
[Result "1/2-1/2"]
[WhiteElo "2451"]
[BlackElo "2387"]

1.e4 c5 2.Nf3 e6 3.d4 cxd4 4.Nxd4 a6 5.Bd3 Qc7 6.O-O Nf6 7.Qe2 d6 8.c4 Nc6
9.Nxc6 bxc6 10.Nc3 g6 11.Be3 Bg7 12.Na4 O-O 13.Rac1 Nd7 14.Rfd1 c5 15.Bb1 Ne5
16.Bf4 Rb8 17.b3 Bd7 18.Nc3 Bc6 19.h4 h5 20.Qd2 Rfd8 21.Re1 Rd7 22.Rcd1 Qa5
23.Re3 Ng4 24.Rd3 Bd4 25.Bg3 e5 26.Kh1 Qd8 27.f3 Nf6 28.Bc2 Ne8 29.Ne2 Ng7
30.Nxd4 cxd4 31.b4 Ne6 32.Ra3 Rb6 33.Bb3 Qf6 34.c5 dxc5 35.Bxe6 Qxe6 36.bxc5 Rb5
37.Rxa6 Rxc5 38.Qb4 Qe7 39.Rb6 Kh7 40.a4 Rc2 41.Qa5 Rc5 42.Qb4 Rc2 43.Qa5 f6
44.Be1 Ra7 45.Ra6 Rb7 46.Rb6 Ra7 47.Ra6 Rb7 48.Rb6 Ra7 49.Ra6 Rb7 50.Rb6 Rc7  1/2-1/2

[Event "13th OIBM"]
[Site "Bad Wiessee GER"]
[Date "2009.10.31"]
[Round "1"]
[White "Forchert,M"]
[Black "Willin,B"]
[Result "1-0"]
[WhiteElo "2403"]
[BlackElo "1988"]

1.e4 c5 2.Nf3 e6 3.d4 cxd4 4.Nxd4 a6 5.Bd3 Qc7 6.O-O d6 7.c4 Nf6 8.Nc3 Be7
9.Be3 Nbd7 10.Rc1 b6 11.f4 Bb7 12.b4 O-O 13.a3 Rfe8 14.g4 Nf8 15.g5 N6d7
16.Qh5 Rac8 17.f5 Ne5 18.Be2 Qd7 19.f6 Bd8 20.fxg7 Kxg7 21.Nd5 exd5 22.Nf5+ Kh8
23.Qh6 Ne6 24.exd5 Rg8 25.dxe6 fxe6 26.Nd4 Bxg5 27.Bxg5 Rxg5+ 28.Qxg5 Rg8
29.Qxg8+ Kxg8 30.Rc3 Qe7 31.Rg3+ Ng6 32.Bd3 d5 33.Bxg6 hxg6 34.Rxg6+ Kh7
35.Rff6 Bc8 36.Rh6+  1-0

[Event "13th OIBM"]
[Site "Bad Wiessee GER"]
[Date "2009.10.31"]
[Round "1"]
[White "Boguslavskyy,O"]
[Black "Wltschek,C"]
[Result "1-0"]
[WhiteElo "2442"]
[BlackElo "2001"]

1.e4 c5 2.Nf3 e6 3.d4 cxd4 4.Nxd4 a6 5.Bd3 Nf6 6.Nc3 Qc7 7.Qe2 d6 8.O-O Nc6
9.Be3 Be7 10.f4 O-O 11.Kh1 Bd7 12.Rae1 b5 13.a3 Nxd4 14.Bxd4 e5 15.fxe5 dxe5
16.Nd5 Nxd5 17.exd5 f6 18.Qh5 h6 19.Qg6 Bd6 20.Qh7+ Kf7 21.Bg6+ Ke7 22.Qxg7+ Kd8
23.Rxf6  1-0

[Event "IV Open"]
[Site "Bogota COL"]
[Date "2009.11.01"]
[Round "7"]
[White "Renteria,J"]
[Black "Rivera,A"]
[Result "1/2-1/2"]
[WhiteElo "2248"]
[BlackElo "2389"]

1.e4 c5 2.Nf3 e6 3.d4 cxd4 4.Nxd4 a6 5.Bd3 Nc6 6.Nxc6 bxc6 7.O-O d6 8.c4 Nf6
9.Nc3 Be7 10.b3 O-O 11.Bb2 e5 12.Na4 Nd7 13.Qe2 c5 14.Bc2 Nb8 15.Rad1 Bd7
16.Nc3 Nc6 17.Nd5 Nd4 18.Bxd4 cxd4 19.f4 Be6 20.Nxe7+ Qxe7 21.f5 Bd7 22.Qh5 f6  1/2-1/2

[Event "IV Open"]
[Site "Bogota COL"]
[Date "2009.11.02"]
[Round "9"]
[White "Narvaez,F"]
[Black "Gutierrez,JA"]
[Result "1-0"]
[WhiteElo "2137"]
[BlackElo "2250"]

1.e4 c5 2.Nf3 e6 3.d4 cxd4 4.Nxd4 a6 5.Bd3 Nc6 6.Be3 Nf6 7.O-O Qc7 8.Nxc6 bxc6
9.c4 d6 10.Nc3 Be7 11.Rc1 O-O 12.f4 Rb8 13.b3 Re8 14.c5 d5 15.e5 Nd7 16.Na4 g6
17.Kh1 Bf8 18.Bd4 a5 19.g4 Rb4 20.Be2 Qa7 21.a3 Rb8 22.Qd3 Ra8 23.g5 Ba6
24.Qd2 Bxe2 25.Qxe2 Reb8 26.Rf3 Qa6 27.Qc2 Rb7 28.h4 Rab8 29.h5 Be7 30.hxg6 fxg6
31.Nb2 Rb5 32.Na4 Qc8 33.Kg2 Qf8 34.Bf2 Qf7 35.Kg3 Nf8 36.Nb6 Bd8 37.Rb1 Nd7
38.b4 axb4 39.a4 Ra5 40.Rxb4 Bxb6 41.cxb6 c5 42.Rb2 Rb7 43.Be1 Ra8 44.a5 c4
45.Qa4 Nc5 46.Qc6 Na6 47.Bc3 Rab8 48.Bd4 Qd7 49.Qxd7 Rxd7 50.Kf2 Rdb7 51.Ke1 Kf7
52.Kd1 Ke7 53.Rh3 Rh8 54.Rbh2 Kd8 55.f5  1-0

[Event "WJun Girls"]
[Site "Puerto Madryn ARG"]
[Date "2009.11.02"]
[Round "12"]
[White "Amed,S"]
[Black "Kalinina,O"]
[Result "1/2-1/2"]
[WhiteElo "2159"]
[BlackElo "2229"]

1.e4 c5 2.Nf3 e6 3.d4 cxd4 4.Nxd4 a6 5.Bd3 Qc7 6.Qe2 g6 7.O-O Bg7 8.Nf3 d6
9.c4 Nd7 10.Rd1 Ne7 11.Nc3 Ne5 12.Bf4 N7c6 13.Rac1 O-O 14.b3 h5 15.h3 Bd7
16.Bb1 Rad8 17.Bg5 f6 18.Be3 Be8 19.Ne1 Nd7 20.f4 Nc5 21.Qf2 f5 22.exf5 gxf5
23.Nf3 Qe7 24.Re1 Nb4 25.Qe2 Bf7 26.Ng5 Qf6 27.Rcd1 Nc6 28.Qf2 Qg6 29.Ne2 Ne4
30.Nxe4 fxe4 31.Bb6 Rd7 32.Qe3 d5 33.Bxe4 Qf6 34.Bd3 Kh8 35.Bb1 Bg6 36.Bxg6 Qxg6
37.Qd3 Qh6 38.Kh1 d4 39.Qe4 Qf6 40.Qf3 Qg6 41.Bc5 Rf5 42.b4 e5 43.Qe4 h4
44.b5 Na5 45.bxa6 bxa6 46.Bb6 Nc6 47.Bc5 Qf6 48.Ba3 Rf7 49.Bb2 Bh6 50.Rf1  1/2-1/2

[Event "13th OIBM"]
[Site "Bad Wiessee GER"]
[Date "2009.11.05"]
[Round "7"]
[White "Kadziolka,B"]
[Black "Bykhovsky,An ISR"]
[Result "0-1"]
[WhiteElo "2285"]
[BlackElo "2474"]

1.e4 c5 2.Nf3 e6 3.d4 cxd4 4.Nxd4 a6 5.Bd3 g6 6.Nc3 Bg7 7.Nf3 Ne7 8.e5 Nbc6
9.Bf4 Qa5 10.O-O Nxe5 11.Ne4 O-O 12.Nxe5 Bxe5 13.Bh6 Bg7 14.Bg5 f6 15.Bd2 Qc7
16.c4 f5 17.Nc3 b6 18.Bg5 Nc6 19.f4 Bb7 20.Qd2 Nd4 21.Ne2 Nc6 22.Rac1 Rac8
23.Rfd1 Rf7 24.Bh4 Bf8 25.a3 Na5 26.Rc2 Nb3 27.Qe1 Nc5 28.Rcc1 Qc6 29.Qf1 Bg7
30.b4 Nxd3 31.Rxd3 Qe4 32.Rd6 Bc6 33.Qf2 Ba8 34.Ng3 Qb7 35.Rxb6 Qc7 36.Rxa6 Bd5
37.c5 Qb7 38.Ra5 Ra8 39.Rxa8+ Qxa8 40.Qd2 Qxa3 41.Ne2 Rf8 42.b5 Qb3 43.c6 Qxb5
44.c7 Rc8 45.Bd8 Qb6+ 46.Kf1 Kf7 47.Qd3 Rxd8 48.cxd8=Q Qxd8 49.Ng1 Qb8 50.Nh3 h6
51.Qd2 Qb5+ 52.Kg1 Bf6 53.Nf2 Bc6 54.Nd3 g5 55.Nb4 Be4 56.Rd1 Ke8 57.Rc1 gxf4
58.h3 Be7 59.Rc8+ Kf7 60.Qd1 Qxb4  0-1